One Piece A-Z - Statistics

General Stats
  • This quiz has been taken 172 times
  • The average score is 12 of 52
Answer Stats
Hint Answer % Correct
L (From senior and junior yonko crews) Luffy
66%
Z (Both have connections to Wano) Zoro
62%
F (Freaky in two different ways) Franky
59%
N (girlboss') Nami
57%
C (One really lovable, one very hateable) Chopper
50%
S (Free points(Luffy)) Sabo
44%
Y (Both introduced in the last two arcs (Wano & Egghead)) Yamato
44%
R (Dead and Devil) Robin
40%
S (Free points(Luffy)) Shanks
40%
U (Violence vs Cowardice) Usopp
39%
A (Both pre-timeskip) Alvida
37%
A (Both pre-timeskip) Arlong
36%
E (Science vs Religion) Enel
33%
G (Buggy's bro's <3 (opinions may differ)) Galdino
33%
D (One sleeper cell spy, one with daddy issues) Doflamingo
31%
X (yeaahhhhhh...) X-Drake
30%
X (yeaahhhhhh...) X-Drake
30%
V (Mysterious) Vegapunk
29%
Q (Just Q) Queen
28%
Q (Just Q) Queen
28%
J (Part of pre-timeskip Yonko crews) Jozu
27%
K (2 Royals ;)) King
26%
M (Very different relationships with fire) Marshall D. Teach
26%
Y (Both introduced in the last two arcs (Wano & Egghead)) York
24%
J (Part of pre-timeskip Yonko crews) Jack
19%
M (Very different relationships with fire) Marco
18%
P (Fashionista baby) Perona
16%
Z (Both have connections to Wano) Zunesha
16%
B (Both are mainly seen in the same arc) Bartolomeo
15%
G (Buggy's bro's <3 (opinions may differ)) Gaimon
15%
N (girlboss') Nojiko
14%
E (Science vs Religion) Edison
13%
L (From senior and junior yonko crews) Lucky Roux
13%
C (One really lovable, one very hateable) Charlos
12%
F (Freaky in two different ways) Foxy
10%
U (Violence vs Cowardice) Ulti
10%
O (2 races other than human) Oars
9%
P (Fashionista baby) Pappag
9%
O (2 races other than human) Otohime
8%
W (Different sides of Onigashima) Who's-Who
8%
R (Dead and Devil) Ryuma
7%
B (Both are mainly seen in the same arc) Baby5
6%
H (One underrated, one underhated) Hogback
6%
I (2 unappreciated icons) Izou
6%
T (One shouldn't have died, One should've never been born) Trebol
6%
V (Mysterious) Van Augur
5%
W (Different sides of Onigashima) Wire
4%
D (One sleeper cell spy, one with daddy issues) Denjiro
3%
H (One underrated, one underhated) Heat
3%
I (2 unappreciated icons) Ikkaku
3%
K (2 Royals ;)) Kingbaum
3%
T (One shouldn't have died, One should've never been born) Thach
3%
No matching quizzes found
Score Distribution
Percent of People with Each Score
Percentile by Number Answered
Your Score History
You have not taken this quiz